000 00400cam a22001097a 4500
008 180718b1962 xxu||||| |||| 00| 0 eng d
082 _aI5132x54 In2c
245 _aCheck lists for setting up of new offices and other establishment matters
_cby Department of Cabinet Affairs
260 _aNew Delhi
_bDepartment of Cabinet Affairs
_c1962
300 _a20+p
700 _aIndia. Department of Cabinet Affairs
999 _c491408
_d491408